000
00316nam a22001337a 4500
008
180921b xxu||||| |||| 00| 0 eng d
020
_a
9781580403108
041
_a
eng
080
_2
6 ed
_a
610
100
_a
3
101
_a
shm
245
_a
Medical Mnagement Type 2 Diabetes
_c
Burant.ch.f
942
_2
udc
_c
BK
999
_c
48166
_d
48166